Chronique geographique du XXe siecle
Αποθηκεύτηκε σε:
| Κύριος συγγραφέας: | |
|---|---|
| Μορφή: | Βιβλίο |
| Γλώσσα: | French |
| Δημοσίευση: |
Paris :
Armand Colin,
c1994
|
| Θέματα: | |
| Ετικέτες: |
Προσθήκη ετικέτας
Δεν υπάρχουν, Καταχωρήστε ετικέτα πρώτοι!
|
MARC
| LEADER | 00000cam a2200000 i 4500 | ||
|---|---|---|---|
| 001 | 1/7740 | ||
| 008 | 970111s1994 fre d | ||
| 020 | |a 2-200-21564-9 | ||
| 035 | |l 10016817 | ||
| 040 | |a GR-MY-UA |b gre |e aacr | ||
| 041 | 0 | |a fre | |
| 082 | 0 | |a 911 | |
| 100 | 1 | |a George, Pierre |d 1909- | |
| 245 | 1 | 0 | |a Chronique geographique du XXe siecle / |c Pierre George |
| 260 | |a Paris : |b Armand Colin, |c c1994 | ||
| 300 | |a 129 p.; |c 21 cm | ||
| 650 | 0 | 0 | |a Historical geography. |
| 852 | |a INST |b LESVOS |e 19970111 |h 911 GEO |p 005100011137 |q 005100011137 |t BK |y 0 | ||
| 909 | |a Λ |b 049293 | ||